Name any subdivision in Europe - Statistics

General Stats
  • This quiz has been taken 11 times
  • The average score is 6 of 7
Answers on the Map
Answers color-coded by a green-red scale on the quiz's map according to % correct below.
 
Answer Stats
Hint Answer % Correct
Austria Burgenland/Carinthia/Lower Austria/Salzburg/Styria/Tyrol/Upper Austria/Vienna/Vorarlberg
100%
Belgium Flanders/Wallonia/Brussels
100%
Andorra Andorra la Vella/Canillo/Encamp/Escaldes–Engordany/La Massana/Ordino/Sant Julià de Lòria
90%
Albania Berat/Dibër/Durrës/Elbasan/Fier/Gjirokastër/Korçë/Kukës/Lezhë/Shkodër/Tirana/Vlorë
90%
Bulgaria Blagoevgrad/Burgas/Dobrich/Gabrovo/Haskovo/Kardzhali/Kyustendil/Lovech/Montana/Pazardzhik/Pernik/Pleven/Plovdiv/Razgrad/Ruse/Shumen/Silistra/Sliven/Smolyan/Sofia City/Sofia/Stara Zagora/Targovishte/Varna/Veliko Tarnovo/Vidin/Vratsa/Yambol
80%
Belarus Brest/Gomel/Grodno/Minsk/Minsk (city)/Mogilev/Vitebsk
80%
Bosnia and Herzegovina Federation of Bosnia and Herzegovina/Republika Srpska
20%
No matching quizzes found
Score Distribution
Percent of People with Each Score
Percentile by Number Answered
Your Score History
You have not taken this quiz